| 000 | 00688nam a2200229 a 4500 | ||
|---|---|---|---|
| 008 | |||
| 020 | _a0471129488 (pbk.) | ||
| 049 | _aMAIN | ||
| 090 |
_aQD261 _bZUB |
||
| 100 | 1 | _aZubrick, James. W. | |
| 245 | 1 | 4 |
_aThe organic chem lab survival manual : _ba student's guide to techniques / _cJames W. Zubrick. |
| 250 | _a4th ed. | ||
| 260 |
_aNew York : _bJ. Wiley, _cc1997. |
||
| 300 |
_axvi, 382 p. : _bill. ; _c24 cm. |
||
| 500 | _aIncludes index. | ||
| 650 | 0 |
_aChemistry, Organic _vLaboratory manuals. |
|
| 907 |
_a.b10056981 _b17-11-14 _c17-04-03 |
||
| 003 | |||
| 005 | 20230123133232.0 | ||
| 040 | _cNUST | ||
| 942 |
_cBOOKS _kQD261 _mZUB |
||
| 999 |
_c145096 _d145096 |
||